=LDR 00000nam 2200000 4500 =001 INLIS000000000053474 =005 20181018013346 =035 ##$$a 0010-1018000089 =245 1#$$a Booklet Perbankan Indonesia 2011 /$c Booklet Perbankan Indonesia 2011 =100 #$$a Booklet Perbankan Indonesia 2011 =250 ##$$a Ed. 1 =300 ##$$a 183 hlm : $b Ilus ; $c 13x21 cm =260 ##$$a Jakarta :$b Bank Indonesia,$c 2011 =082 ##$$a 332.1 =084 ##$$a 332.1 BOO b =020 ##$$a 1858-4233 =650 ##$$a Bank, Perbankan